Tratado de geografía económica; primera parte /
Guardado en:
| Autor Principal: | |
|---|---|
| Formato: | Libro |
| Publicado: |
Buenos Aires :
Macchi,
1972
|
| Materias: | |
| Etiquetas: |
Agregar Etiqueta
Sin Etiquetas, Sea el primero en etiquetar este registro!
|
| LEADER | 00804nam a22002175a 4500 | ||
|---|---|---|---|
| 001 | CEM.cems002134 | ||
| 005 | 20060215000000.0 | ||
| 008 | 130507s1972##################000#0#####d | ||
| 003 | CEMS | ||
| 082 | 0 | 4 | |a 330.9 |
| 100 | 1 | |a Dozo, Servando Ramón Manuel | |
| 245 | 1 | 0 | |a Tratado de geografía económica; primera parte / |
| 260 | |a Buenos Aires : |b Macchi, |c 1972 | ||
| 300 | |a 703 p. | ||
| 505 | 0 | |a agricultura, ganaderia, mineria, pesca, circulacion, consumo; Infraestructura energentica; AGUA: trascendencia humana y economica, abastecimiento, riego; COMUNICACION: evolucion, satelites, telecomunicaciones. | |
| 653 | |a Agricultura | ||
| 653 | |a Argentina-energia | ||
| 653 | |a Demografia | ||
| 653 | |a Economia mundial | ||
| 653 | |a Ganaderia | ||
| 859 | |a CEMS |b BIB. CEMS - 11 de abril |h 330.9 |i D779/1 |p 1738.74 |t Ej.1 | ||
